Sermones en honor de Santa Rita de Casia (Record no. 164729)

MARC details
000 -LEADER
campo de control de longitud fija 00808nam a22001815i 4500
001 - NÚMERO DE CONTROL
campo de control 164729
003 - IDENTIFICADOR DE NÚMERO DE CONTROL
campo de control ES-MaACL
005 - FECHA Y HORA DE LA ÚLTIMA TRANSACCIÓN
campo de control 20230906213006.0
008 - DATOS DE LONGITUD FIJA--INFORMACIÓN GENERAL
campo de control de longitud fija 020403s1886 sp |||| | spa d
040 ## - FUENTE DE CATALOGACIÓN
Centro catalogador/agencia de origen EXT
Lengua de catalogación spa
Centro/agencia transcriptor EXT
100 1# - ENTRADA PRINCIPAL--NOMBRE DE PERSONA
Nombre de persona Sant Lucía y Amaya, José.
9 (RLIN) 132419
245 10 - MENCIÓN DEL TÍTULO
Título Sermones en honor de Santa Rita de Casia
Resto del título : predicados en su solemne novena y ante su real y muy ilustre asociación de la Iglesia del Carmen Calzado de esta corte, hoy Parroquia de Santa Cruz /
Mención de responsabilidad, etc. por ... José Santa Lucía y Amaya.
260 ## - PUBLICACIÓN, DISTRIBUCIÓN, ETC.
Lugar de publicación, distribución, etc. Madrid :
Nombre del editor, distribuidor, etc. [s.n.],
Fecha de publicación, distribución, etc. 1886 (
Fabricante Estab. Tip. de E. Cuesta, á cargo de J. Giráldez)
300 ## - DESCRIPCIÓN FÍSICA
Extensión 55 p. ;
Dimensiones 22 cm.
700 11 - ENTRADA AGREGADA--NOMBRE PERSONAL
Nombre de persona Cuesta, Eduardo,
Término indicativo de función/relación
9 (RLIN) 126659
752 ## - ENTRADA AGREGADA--NOMBRE JERÁRQUICO DEL LUGAR
País o entidad superior España -
Ciudad Madrid
852 ## - LOCALIZACIÓN
Ubicación ES-MaACL
Número de control de estantería T-465-F-10
Nota libre -- Enc. hol.
-- -- Enc. en un vol. facticio
Holdings
Estatus retirado Estado de pérdida Estado de daño No para préstamo Colección Biblioteca de origen Biblioteca actual Ubicación en estantería Fecha de adquisición Total de préstamos Signatura topográfica completa Código de barras Visto por última vez Precio de reemplazo Tipo de ítem Koha
        Colección de folletos Biblioteca del Ateneo de Madrid Biblioteca del Ateneo de Madrid Depósito folletos 17/01/2008   T-465-F-10 1172678 23/02/2023 23/02/2023 Folleto